В. А. Белый : очерк жизни и творчества. Статьи. Воспоминания. Материалы

التفاصيل البيبلوغرافية
مؤلفون آخرون: Лебединский Л. Н. (составитель)
اللغة:الروسية
منشور في: Москва, Советский композитор, 1987
الموضوعات:
التنسيق: كتاب
KOHA link:https://koha.lib.tpu.ru/cgi-bin/koha/opac-detail.pl?biblionumber=274086

MARC

LEADER 00000nam0a2200000 4500
001 274086
005 20231101234707.0
020 |a RU  |b 87-86935 
035 |a (RuTPU)RU\TPU\book\297296 
090 |a 274086 
100 |a 20141030d1987 m y0rusy5003 ca 
101 0 |a rus 
102 |a RU 
105 |a acf z 001zb 
200 1 |a В. А. Белый : очерк жизни и творчества. Статьи. Воспоминания. Материалы  |f сост. Л. Н. Лебединский 
210 |a Москва  |c Советский композитор  |d 1987 
215 |a 256 с.  |c ил., нот. ил.  |d 22 см 
320 |a Список соч. В. Белого: с. 236-239 
600 1 |a Белый  |b В. А.  |c российский композитор  |f 1904-1983  |g Виктор Аркадьевич  |2 stltpush  |3 (RuTPU)RU\TPU\pers\34990 
606 1 |a Композиторы  |2 stltpush  |3 (RuTPU)RU\TPU\subj\15032  |9 41330 
610 1 |a музыкальная культура 
610 1 |a СССР 
610 1 |a 20 век 
610 1 |a история 
610 1 |a персоналии 
675 |a 78.071.1(092)  |z rus  |v 3 
702 1 |a Лебединский  |b Л. Н.  |4 220 
801 0 |a RU  |b RuMRKP  |c 19950417  |g psbo 
801 1 |a RU  |b 63413507  |c 20141030 
801 2 |a RU  |b 63413507  |c 20170119  |g RCR 
942 |c BK